| 000 | 00695nam a2200205Ia 4500 | ||
|---|---|---|---|
| 003 | GCL | ||
| 008 | 140319s9999 xx 000 0 ara d | ||
| 040 |
_aGCL / _cGCL |
||
| 082 | 0 | 4 |
_a327.172 _bب م |
| 100 | 1 | _aبرهان الدجانى | |
| 245 | 1 | 0 |
_aمفاوضات السلام: المسار والخيارات والاحتمالات / _cبرهان الدجانى |
| 260 |
_a[S.N] : _bمؤسسة الدراسات الفلسطينية ، _c1994 |
||
| 300 | _a187 ص | ||
| 490 | _a | ||
| 650 | 0 | 4 | _aالنزاع العربى الاسرائيلى |
| 650 | 0 | 4 | _aالقضية الفلسطينية |
| 650 | 0 | 4 | _aالسلام |
| 650 | 0 | 4 | _aاتفاقية غزة اريحا |
| 942 |
_2ddc _cBK |
||
| 999 |
_c35414 _d35414 |
||